[Event "Dhaka Sheikh Russel op"]
[Site "Dhaka"]
[Date "2021.10.20"]
[Round "2"]
[White "Sadnan Hasan, Dihan"]
[Black "Lodhi, Mahmood"]
[Result "0-1"]
[WhiteElo "2064"]
[BlackElo "2315"]
[PlyCount "38"]
[EventDate "2021.10.19"]
[EventType "swiss"]
[EventRounds "9"]
[EventCountry "BAN"]
[SourceTitle "CBM 204 Extra"]
[Source "ChessBase"]
[SourceDate "2021.11.30"]
[SourceVersion "1"]
[SourceVersionDate "2021.11.30"]
[SourceQuality "1"]

1. e4 e5 2. f4 Bc5 3. Nf3 d6 4. c3 Nc6 5. b4 Bb6 6. a4 a6 7. a5 Ba7 8. b5 axb5 9. Bxb5 Nf6 10. Qe2 0-0 11. d3 d5 12. exd5 exf4 13. dxc6 Re8 14. Ne5 Bg4 15. cxb7 Bxe2 16. Bxe8 Qxe8 17. bxa8Q Qxa8 18. Nf3 Bxd3 19. Nfd2 Qe8+ 0-1

[Event "Dhaka Year Long IM 1st"]
[Site "Dhaka"]
[Date "2021.10.07"]
[Round "10"]
[White "Lodhi, Mahmood"]
[Black "Koustav, Chatterjee"]
[Result "0-1"]
[WhiteElo "2315"]
[BlackElo "2431"]
[PlyCount "96"]
[EventDate "2021.09.29"]
[EventType "tourn"]
[EventRounds "11"]
[EventCountry "BAN"]
[EventCategory "1"]
[SourceTitle "CBM 204 Extra"]
[Source "ChessBase"]
[SourceDate "2021.11.30"]
[SourceVersion "1"]
[SourceVersionDate "2021.11.30"]
[SourceQuality "1"]

1. d4 Nf6 2. Nf3 g6 3. g3 Bg7 4. Bg2 0-0 5. 0-0 d6 6. c4 Nc6 7. Nc3 e5 8. d5 Nb8 9. Ne1 a5 10. Nd3 Na6 11. e4 Nd7 12. Be3 f5 13. f3 b6 14. a3 Nac5 15. b4 axb4 16. Nxb4 Nf6 17. Nc6 Qe8 18. Nb5 Rf7 19. Qc2 Bb7 20. Bh3 Bxc6 21. dxc6 fxe4 22. Bxc5 dxc5 23. fxe4 Qxc6 24. Nc3 Raf8 25. Nd5 Ne8 26. Rxf7 Rxf7 27. a4 Bh6 28. a5 bxa5 29. Rxa5 Kg7 30. Qb2 Qd6 31. Ra8 Nf6 32. Qb8 Bg5 33. Kg2 Kh6 34. Qb1 Nxd5 35. cxd5 Qf6 36. Bg4 c4 37. Ra4 c3 38. Rc4 Bd2 39. Kh3 Qf2 40. Qd3 Qg1 41. Bf3 Kg7 42. Rc6 Qf2 43. Bg4 h5 44. Be2 Qg1 45. Qa6 Rf2 46. Rxg6+ Kh7 47. Bxh5 Rxh2+ 48. Kg4 Qd1+ 0-1

[Event "Dhaka Year Long IM 1st"]
[Site "Dhaka"]
[Date "2021.10.03"]
[Round "6"]
[White "Abdyjapar, Asyl"]
[Black "Lodhi, Mahmood"]
[Result "1-0"]
[WhiteElo "2391"]
[BlackElo "2315"]
[PlyCount "134"]
[EventDate "2021.09.29"]
[EventType "tourn"]
[EventRounds "11"]
[EventCountry "BAN"]
[EventCategory "1"]
[SourceTitle "CBM 204 Extra"]
[Source "ChessBase"]
[SourceDate "2021.11.30"]
[SourceVersion "1"]
[SourceVersionDate "2021.11.30"]
[SourceQuality "1"]

1. c4 g6 2. d4 Bg7 3. Nc3 c5 4. d5 d6 5. e4 Nf6 6. f4 0-0 7. Nf3 a6 8. a4 e6 9. Be2 exd5 10. cxd5 Re8 11. e5 dxe5 12. fxe5 Ng4 13. Bg5 Qb6 14. 0-0 Nxe5 15. d6 Nxf3+ 16. Bxf3 Bd4+ 17. Kh1 Qxd6 18. Ne4 Rxe4 19. Bxe4 Nd7 20. Qb3 Ne5 21. Rad1 Be6 22. Qg3 Qd7 23. b4 Bg4 24. Rd2 Nc4 25. Rc2 Nd6 26. Bd5 Nf5 27. Qxg4 Qxd5 28. bxc5 Bxc5 29. Rd1 Re8 30. Rcd2 Qe5 31. Qf3 b6 32. Rd8 Rxd8 33. Rxd8+ Kg7 34. Rd1 Nd4 35. Qe3 Qxe3 36. Bxe3 Ne6 37. Bd2 Kf6 38. Bc3+ Ke7 39. g3 a5 40. Kg2 f5 41. Kf3 Ng5+ 42. Ke2 Ne4 43. Bb2 h5 44. Rd5 Bd6 45. Bd4 Bc5 46. Bxc5+ Nxc5 47. Rd4 Ke6 48. Ke3 Ke5 49. h4 Ne6 50. Rc4 Nc5 51. Rd4 Ne6 52. Rc4 Nc5 53. Rc2 Kd5 54. Kf4 Nxa4 55. Kg5 Nc5 56. Kxg6 Ne4 57. Kxh5 Nxg3+ 58. Kg5 b5 59. Rg2 f4 60. Kxf4 Nh5+ 61. Ke3 Kc4 62. Rg4+ Kc3 63. Rg5 Nf6 64. Rxb5 a4 65. Rf5 Ng4+ 66. Kf4 Nh6 67. Rf8 a3 1-0

[Event "Dhaka Year Long IM 1st"]
[Site "Dhaka"]
[Date "2021.10.01"]
[Round "3"]
[White "Lodhi, Mahmood"]
[Black "Manon, Reja Neer"]
[Result "1/2-1/2"]
[WhiteElo "2315"]
[BlackElo "2139"]
[PlyCount "104"]
[EventDate "2021.09.29"]
[EventType "tourn"]
[EventRounds "11"]
[EventCountry "BAN"]
[EventCategory "1"]
[SourceTitle "CBM 204 Extra"]
[Source "ChessBase"]
[SourceDate "2021.11.30"]
[SourceVersion "1"]
[SourceVersionDate "2021.11.30"]
[SourceQuality "1"]

1. d4 Nf6 2. Nf3 g6 3. g3 Bg7 4. Bg2 0-0 5. 0-0 d6 6. c4 Nc6 7. Nc3 e5 8. d5 Ne7 9. Ne1 Nd7 10. e4 f5 11. Nd3 Nb6 12. b3 f4 13. c5 Nd7 14. Ba3 Nf6 15. Rc1 Ne8 16. Qe2 g5 17. f3 a6 18. g4 b6 19. b4 Rf7 20. Rc2 Bf8 21. Rfc1 Bb7 22. Bf1 Ng6 23. Nd1 Nf6 24. N1f2 Ne8 25. Bb2 c6 26. dxc6 Bxc6 27. cxd6 Bb5 28. Rd2 Bxd6 29. Qd1 Qe7 30. a4 Bd7 31. Qb3 Be6 32. Qc3 Rc8 33. Qxc8 Bxc8 34. Rxc8 Qd7 35. Ra8 Qc6 36. Rxa6 Qb7 37. b5 Nc7 38. Ne1 Bb4 39. Rd8+ Rf8 40. Bc4+ Kh8 41. Ned3 Rxd8 42. Nxe5 Kg7 43. Rxb6 Qxb6 44. Nd7+ Kh6 45. Nxb6 Rd2 46. Nd3 Nh4 47. Nxb4 Nxf3+ 48. Kf1 Nxh2+ 49. Ke1 Nf3+ 50. Kf1 Nh2+ 51. Ke1 Nf3+ 52. Kf1 Nh2+ 1/2-1/2

[Event "Dhaka Year Long IM 1st"]
[Site "Dhaka"]
[Date "2021.09.30"]
[Round "2"]
[White "Chatterjee, Debaraj"]
[Black "Lodhi, Mahmood"]
[Result "1/2-1/2"]
[WhiteElo "2226"]
[BlackElo "2315"]
[PlyCount "94"]
[EventDate "2021.09.29"]
[EventType "tourn"]
[EventRounds "11"]
[EventCountry "BAN"]
[EventCategory "1"]
[SourceTitle "CBM 204 Extra"]
[Source "ChessBase"]
[SourceDate "2021.11.30"]
[SourceVersion "1"]
[SourceVersionDate "2021.11.30"]
[SourceQuality "1"]

1. d4 Nf6 2. c4 c5 3. d5 g6 4. Nc3 Bg7 5. e4 d6 6. h3 0-0 7. Nf3 a6 8. a4 e6 9. Bd3 exd5 10. exd5 Re8+ 11. Be3 Bh6 12. 0-0 Bxe3 13. fxe3 Qe7 14. e4 Nbd7 15. Rf2 Nh5 16. Qd2 Ne5 17. Raf1 Ng3 18. Re1 Bd7 19. Nxe5 Qxe5 20. Rf3 Re7 21. Qf2 Nh5 22. Rf1 Rf8 23. Qh4 Ng7 24. Qf6 Qxf6 25. Rxf6 Ne8 26. R6f3 Kg7 27. a5 f6 28. Rb1 f5 29. b4 cxb4 30. Rxb4 fxe4 31. Rxf8 Kxf8 32. Nxe4 Bf5 33. Nf2 Bxd3 34. Nxd3 Nf6 35. Nf4 Ne4 36. Ne6+ Ke8 37. Rb6 Rd7 38. Rb2 Re7 39. Rb6 Rf7 40. Rb2 Re7 41. g4 h6 42. Kg2 Nf6 43. Kg3 Rf7 44. Kg2 Re7 45. Kg3 Rf7 46. Kg2 Re7 47. Kg3 Rf7 1/2-1/2

[Event "Dhaka Sheikh Hasina op"]
[Site "Dhaka"]
[Date "2021.09.27"]
[Round "9"]
[White "Lodhi, Mahmood"]
[Black "Liyanage, Ranindu Dilshan"]
[Result "0-1"]
[WhiteElo "2334"]
[BlackElo "2197"]
[PlyCount "152"]
[EventDate "2021.09.19"]
[EventType "swiss"]
[EventRounds "9"]
[EventCountry "BAN"]
[SourceTitle "CBM 204 Extra"]
[Source "ChessBase"]
[SourceDate "2021.11.30"]
[SourceVersion "1"]
[SourceVersionDate "2021.11.30"]
[SourceQuality "1"]

1. d4 d5 2. Nf3 Nf6 3. Bf4 e6 4. e3 c5 5. c3 Nc6 6. Nbd2 cxd4 7. exd4 Nh5 8. Be3 Bd6 9. Ne5 g6 10. f4 f6 11. Nd3 Qc7 12. g3 Ng7 13. Nf3 Bd7 14. Bg2 Na5 15. 0-0 0-0 16. Re1 Rae8 17. Bf2 Nc4 18. b3 Na5 19. Rc1 b6 20. Nd2 Ba3 21. Rc2 Bb5 22. Nb1 Bd6 23. Nb2 Rc8 24. a4 Ba6 25. Rd2 Kh8 26. Nd3 Qd7 27. Nb4 Bb7 28. Nd3 Ba6 29. Bh3 Rfe8 30. Bf1 Qc7 31. b4 Nc4 32. Rde2 Re7 33. b5 Bb7 34. Bh3 Rce8 35. Nd2 a6 36. Nf3 axb5 37. axb5 Na3 38. Qa1 Nxb5 39. Qb2 Na3 40. Nb4 Nc4 41. Qb3 Bc8 42. Bf1 Bb7 43. Ra1 Na5 44. Qb2 Rc8 45. Rc2 Nf5 46. Nd2 Nc4 47. Nxc4 dxc4 48. Bg2 Bxg2 49. Kxg2 Qb7+ 50. Kg1 h5 51. Re2 Qf3 52. Rf1 Bxb4 53. cxb4 c3 54. Qc2 h4 55. Qe4 Qg4 56. Be1 Kg7 57. Rc2 hxg3 58. hxg3 Rc4 59. Qd3 Rxd4 60. Qxc3 Red7 61. Qb3 Re4 62. Bf2 Rxf4 63. Qxe6 Re7 64. Qc8 Nxg3 65. Qxg4 Rxg4 66. Bxg3 Rxg3+ 67. Kh2 Rge3 68. Rc6 R7e6 69. Rfc1 g5 70. b5 Re2+ 71. Kg1 Kf7 72. Kf1 R2e5 73. Rc7+ Re7 74. Rxe7+ Rxe7 75. Rc6 Re6 76. Rc7+ Kg6 0-1

[Event "Dhaka Sheikh Hasina op"]
[Site "Dhaka"]
[Date "2021.09.22"]
[Round "4"]
[White "Lodhi, Mahmood"]
[Black "Rahman, Md Taibur"]
[Result "0-1"]
[WhiteElo "2334"]
[BlackElo "2199"]
[PlyCount "120"]
[EventDate "2021.09.19"]
[EventType "swiss"]
[EventRounds "9"]
[EventCountry "BAN"]
[SourceTitle "CBM 204 Extra"]
[Source "ChessBase"]
[SourceDate "2021.11.30"]
[SourceVersion "1"]
[SourceVersionDate "2021.11.30"]
[SourceQuality "1"]

1. d4 d5 2. Nf3 e6 3. g3 Nd7 4. Bg2 b5 5. 0-0 Bb7 6. Nbd2 Ngf6 7. Nb3 c5 8. Bd2 a5 9. dxc5 Nxc5 10. Nfd4 Qb6 11. Nxc5 Bxc5 12. Nb3 Be7 13. Be3 Qc7 14. a4 b4 15. Nd4 0-0 16. Nb5 Qd7 17. c4 bxc3 18. bxc3 Rfc8 19. Bd4 Bc6 20. Rb1 Ne8 21. Qd3 Nd6 22. Be5 Nc4 23. Bf4 Nb6 24. Qd4 Ra6 25. Nc7 Rxc7 26. Rxb6 Bf6 27. Bxc7 Qxc7 28. Rxa6 Bxd4 29. cxd4 Bb7 30. Ra7 Qb6 31. Rxb7 Qxb7 32. e3 Qb4 33. Ra1 Qb2 34. Rd1 Qa3 35. Rb1 g5 36. Bf3 Qxa4 37. Kg2 Qc6 38. Bd1 Kg7 39. Bh5 a4 40. Ra1 Qa6 41. Ra3 Qc4 42. Ra1 Qb4 43. Rc1 a3 44. Rc7 a2 45. Rxf7+ Kh6 46. Ra7 Qb1 47. Bg4 a1Q 48. Rxa1 Qxa1 49. Bxe6 Qa8 50. Bf5 Kg7 51. h3 Qf8 52. Bg4 Qa3 53. Bf3 Qb3 54. g4 h6 55. Kg3 Kf6 56. h4 Ke6 57. hxg5 hxg5 58. Kg2 Qd3 59. Kg1 Qb1+ 60. Kg2 Qe1 0-1

[Event "Dhaka Saarc op"]
[Site "Dhaka"]
[Date "2019.12.02"]
[Round "8"]
[White "Avik, Sarker"]
[Black "Lodhi, Mahmood"]
[Result "0-1"]
[WhiteElo "1980"]
[BlackElo "2336"]
[PlyCount "154"]
[EventDate "2019.11.25"]
[EventType "swiss"]
[EventRounds "9"]
[EventCountry "BAN"]
[SourceTitle "CBM 193 Extra"]
[Source "ChessBase"]
[SourceDate "2020.01.31"]
[SourceVersion "1"]
[SourceVersionDate "2020.01.31"]
[SourceQuality "1"]

1. d4 Nf6 2. Bf4 c5 3. e3 cxd4 4. exd4 Qb6 5. Nc3 g6 6. Rb1 Bg7 7. Nf3 0-0 8. Be2 d5 9. 0-0 Bg4 10. h3 Bxf3 11. Bxf3 e6 12. Na4 Qc6 13. Nc5 Nbd7 14. Nd3 Qc4 15. c3 Qxa2 16. Bd6 Rfc8 17. Ra1 Qc4 18. Nc5 Qb5 19. Qa4 Qxa4 20. Rxa4 Nxc5 21. Bxc5 b6 22. Be7 Rc7 23. Bd6 Rd7 24. Bf4 a5 25. Be2 Rda7 26. Bb5 Bf8 27. Rfa1 Rc8 28. f3 Ne8 29. Kf2 Nd6 30. Bxd6 Bxd6 31. Re1 g5 32. g4 Kg7 33. Kg2 Rac7 34. Raa1 h5 35. Rh1 Rh8 36. Rhe1 Rh6 37. Red1 Bf4 38. Rd3 Kf6 39. Re1 Rh8 40. Ra1 Ke7 41. Re1 Kd6 42. Rdd1 Ra7 43. Ra1 Rha8 44. Ra4 f6 45. Rd1 Rc7 46. Raa1 Rh8 47. Rh1 hxg4 48. fxg4 Re7 49. b3 e5 50. Rad1 e4 51. Be2 Rc7 52. c4 Rhc8 53. Ra1 dxc4 54. bxc4 Rxc4 55. Bxc4 Rxc4 56. Ra2 Rxd4 57. h4 gxh4 58. Rxh4 a4 59. Kf2 b5 60. Rh8 Rb4 61. Ke2 Bg5 62. Re8 Kd7 63. Rb8 Rb3 64. Rc2 a3 65. Rcc8 Rb2+ 66. Kd1 a2 67. Rd8+ Ke6 68. Re8+ Kd5 69. Rbd8+ Kc5 70. Rc8+ Kd4 71. Red8+ Ke3 72. Rc3+ Kf4 73. Ra8 b4 74. Rc2 Rb1+ 75. Rc1 b3 76. Ra3 b2 77. Ke2 bxc1N+ 0-1

[Event "Dhaka Saarc op"]
[Site "Dhaka"]
[Date "2019.11.27"]
[Round "3"]
[White "Zia, Tahsin Tajwar"]
[Black "Lodhi, Mahmood"]
[Result "0-1"]
[WhiteElo "2080"]
[BlackElo "2336"]
[PlyCount "92"]
[EventDate "2019.11.25"]
[EventType "swiss"]
[EventRounds "9"]
[EventCountry "BAN"]
[SourceTitle "CBM 193 Extra"]
[Source "ChessBase"]
[SourceDate "2020.01.31"]
[SourceVersion "1"]
[SourceVersionDate "2020.01.31"]
[SourceQuality "1"]

1. d4 Nf6 2. Nf3 d5 3. Bf4 c6 4. e3 Qb6 5. Qc1 Bf5 6. c4 e6 7. a3 dxc4 8. Bxc4 Nd5 9. Bg3 Nd7 10. 0-0 Be7 11. Nbd2 N5f6 12. Re1 Ne4 13. Nxe4 Bxe4 14. Nd2 Bg6 15. Qc3 0-0 16. e4 Bf6 17. e5 Be7 18. f4 Rad8 19. Bf2 Qc7 20. Nf1 Nb6 21. Bb3 Nd5 22. Bxd5 Rxd5 23. Ne3 Rd7 24. Rac1 Qd8 25. Nc4 Rd5 26. b4 Rb5 27. Re2 Rd5 28. Na5 Qb6 29. Qf3 h5 30. h3 h4 31. Kh2 Qa6 32. Ree1 Rfd8 33. Red1 R8d7 34. Nc4 Bd8 35. Qc3 Qa4 36. Nb2 Qb5 37. a4 Qe2 38. Rd2 Qe4 39. Qe3 Qxe3 40. Bxe3 Bb6 41. Rcd1 Bh5 42. Rc1 Bxd4 43. Bxd4 Rxd4 44. Rxd4 Rxd4 45. Nc4 Be2 46. Nd6 Rxb4 0-1

[Event "Dhaka Saarc op"]
[Site "Dhaka"]
[Date "2019.11.26"]
[Round "2"]
[White "Lodhi, Mahmood"]
[Black "Manon, Reja Neer"]
[Result "1/2-1/2"]
[WhiteElo "2336"]
[BlackElo "2030"]
[PlyCount "68"]
[EventDate "2019.11.25"]
[EventType "swiss"]
[EventRounds "9"]
[EventCountry "BAN"]
[SourceTitle "CBM 193 Extra"]
[Source "ChessBase"]
[SourceDate "2020.01.31"]
[SourceVersion "1"]
[SourceVersionDate "2020.01.31"]
[SourceQuality "1"]

1. d4 Nf6 2. Nf3 e6 3. g3 b6 4. Bg2 Bb7 5. 0-0 Be7 6. c4 d5 7. Ne5 0-0 8. Nc3 h6 9. Bf4 Na6 10. cxd5 exd5 11. g4 c5 12. e3 Ne4 13. Rc1 Bf6 14. Qa4 Re8 15. Nxe4 dxe4 16. Rfd1 Qe7 17. Nd7 cxd4 18. Nxf6+ Qxf6 19. Qxd4 Qe6 20. Qd7 Qxd7 21. Rxd7 Bc8 22. Rd4 Bxg4 23. Bxe4 Rad8 24. Bc6 Rxd4 25. exd4 Rd8 26. d5 Bf3 27. d6 Bxc6 28. Rxc6 Nb4 29. Rc4 Nd3 30. Bg3 f5 31. Rd4 Nc5 32. Rd5 Ne4 33. Rxf5 Nxg3 34. hxg3 Rxd6 1/2-1/2

[Event "SCO op"]
[Site "Qingdao"]
[Date "2019.09.26"]
[Round "8"]
[White "Lodhi, Mahmood"]
[Black "Hu, Yu A"]
[Result "1/2-1/2"]
[WhiteElo "2349"]
[BlackElo "2105"]
[PlyCount "61"]
[EventDate "2019.09.19"]
[EventType "swiss"]
[EventRounds "9"]
[EventCountry "CHN"]
[SourceTitle "EXT 2020"]
[Source "ChessBase"]
[SourceDate "2019.10.17"]
[SourceVersion "1"]
[SourceVersionDate "2019.10.17"]
[SourceQuality "1"]

1. d4 Nf6 2. Nf3 d5 3. g3 e6 4. Bg2 Be7 5. c4 0-0 6. cxd5 exd5 7. Nc3 c6 8. 0-0 Bf5 9. Ne5 Nbd7 10. f4 h6 11. h3 Bd6 12. g4 Bh7 13. Be3 Qe7 14. Bf2 Bb4 15. Bh4 Qd6 16. Nxd7 Nxd7 17. f5 Rfe8 18. Qd3 Nf6 19. Bxf6 Qxf6 20. Rae1 Rad8 21. a3 Bxc3 22. bxc3 Qd6 23. a4 Qa3 24. e4 dxe4 25. Bxe4 f6 26. Qc4+ Kf8 27. Bf3 Bg8 28. Rxe8+ Rxe8 29. Qb4+ Qxb4 30. cxb4 Rd8 31. b5 1/2-1/2

[Event "SCO op"]
[Site "Qingdao"]
[Date "2019.09.25"]
[Round "7"]
[White "Lodhi, Mahmood"]
[Black "Ulziikhishigjargal, Ochirkhuyag"]
[Result "1/2-1/2"]
[WhiteElo "2349"]
[BlackElo "2238"]
[PlyCount "151"]
[EventDate "2019.09.19"]
[EventType "swiss"]
[EventRounds "9"]
[EventCountry "CHN"]
[SourceTitle "EXT 2020"]
[Source "ChessBase"]
[SourceDate "2019.10.17"]
[SourceVersion "1"]
[SourceVersionDate "2019.10.17"]
[SourceQuality "1"]

1. d4 Nf6 2. Nf3 e6 3. g3 b6 4. Bg2 Bb7 5. 0-0 Be7 6. c4 0-0 7. Nc3 Ne4 8. Qc2 Nxc3 9. bxc3 Nc6 10. Nd2 Na5 11. Bxb7 Nxb7 12. e4 c6 13. e5 d5 14. exd6 Nxd6 15. Ba3 c5 16. Rfd1 cxd4 17. cxd4 Rc8 18. Bxd6 Qxd6 19. Nb3 Qc7 20. c5 bxc5 21. dxc5 Bxc5 22. Nxc5 Qxc5 23. Qxc5 Rxc5 24. Rac1 Ra5 25. Rc2 g6 26. Rd7 Kg7 27. h4 h5 28. Kg2 Rb8 29. Rcc7 Rf5 30. Rc2 a5 31. Ra7 Rb4 32. Re2 Kh6 33. Re3 Kg7 34. Re2 Kf6 35. Rc2 g5 36. hxg5+ Kxg5 37. Kh3 Ra4 38. Rac7 Kg6 39. f4 Rd5 40. R7c3 Rd1 41. Rc4 Rd4 42. Rxd4 Rxd4 43. Rc5 Ra4 44. Kh4 Rxa2 45. Rg5+ Kf6 46. Kxh5 a4 47. Ra5 a3 48. Kg4 Ra1 49. Kf3 Kg6 50. g4 a2 51. Kg2 Kg7 52. Ra7 Kf6 53. Kh2 Rf1 54. Rxa2 Rxf4 55. Kg3 e5 56. Ra5 Rd4 57. Ra8 Rd3+ 58. Kh4 Ke6 59. Re8+ Kd5 60. g5 Rf3 61. Kg4 e4 62. Rd8+ Kc4 63. Rd1 Rf2 64. Kg3 e3 65. Ra1 Rf5 66. Ra4+ Kd3 67. Ra3+ Ke4 68. Ra4+ Ke5 69. Ra5+ Ke6 70. Ra6+ Kd7 71. Ra7+ Kd6 72. Ra6+ Ke7 73. Ra7+ Kf8 74. Ra8+ Kg7 75. Re8 Rxg5+ 76. Kf4 1/2-1/2

[Event "SCO Teams"]
[Site "Qingdao"]
[Date "2019.09.17"]
[Round "6.7"]
[White "Kovalev, Vladislav"]
[Black "Lodhi, Mahmood"]
[Result "1-0"]
[WhiteElo "2661"]
[BlackElo "2349"]
[PlyCount "121"]
[EventDate "2019.09.15"]
[EventType "team-tourn"]
[EventRounds "9"]
[EventCountry "CHN"]
[SourceTitle "EXT 2020"]
[Source "ChessBase"]
[SourceDate "2019.10.17"]
[SourceVersion "1"]
[SourceVersionDate "2019.10.17"]
[SourceQuality "1"]
[WhiteTeam "Belarus"]
[BlackTeam "Pakistan"]
[WhiteTeamCountry "BLR"]
[BlackTeamCountry "PAK"]

1. e4 e5 2. Nf3 Nc6 3. Bc4 Bc5 4. c3 d6 5. d4 exd4 6. cxd4 Bb6 7. Bb5 a6 8. Ba4 Bd7 9. Nc3 Nge7 10. 0-0 0-0 11. h3 h6 12. Be3 Na5 13. Bc2 Nc4 14. Bc1 Ba7 15. b3 Nb6 16. a4 Ng6 17. Re1 Nc8 18. e5 Nce7 19. Ba3 Bf5 20. exd6 cxd6 21. Bxf5 Nxf5 22. Qd3 Ngh4 23. Nxh4 Nxh4 24. Re4 f5 25. Rf4 Qg5 26. g3 Ng6 27. Bxd6 Nxf4 28. Bxf4 Qh5 29. Kg2 Rad8 30. d5 Qf7 31. d6 Rd7 32. Nd5 Rfd8 33. Re1 Rxd6 34. Bxd6 Rxd6 35. Ne7+ Qxe7 36. Qc4+ Kf8 37. Rxe7 Kxe7 38. Qb4 b5 39. axb5 axb5 40. Qxb5 Bd4 41. Qxf5 g6 42. Qe4+ Kd7 43. Qb7+ Kd8 44. h4 h5 45. Qf7 Bb6 46. Kf1 Kc8 47. Ke2 Bc7 48. f4 Kb8 49. Ke3 Rb6 50. Ke4 Kc8 51. Kd3 Rd6+ 52. Kc4 Rc6+ 53. Kd5 Rb6 54. b4 Kb7 55. Kc4 Rc6+ 56. Kd3 Rd6+ 57. Ke4 Rb6 58. Qd5+ Kb8 59. b5 Rf6 60. Kf3 Kc8 61. Ke4 1-0

[Event "SCO Teams"]
[Site "Qingdao"]
[Date "2019.09.15"]
[Round "3.13"]
[White "Lodhi, Mahmood"]
[Black "Zvjaginsev, Vadim"]
[Result "0-1"]
[WhiteElo "2349"]
[BlackElo "2644"]
[PlyCount "188"]
[EventDate "2019.09.15"]
[EventType "team-tourn"]
[EventRounds "9"]
[EventCountry "CHN"]
[SourceTitle "EXT 2020"]
[Source "ChessBase"]
[SourceDate "2019.10.17"]
[SourceVersion "1"]
[SourceVersionDate "2019.10.17"]
[SourceQuality "1"]
[WhiteTeam "Pakistan"]
[BlackTeam "Russia"]
[WhiteTeamCountry "PAK"]
[BlackTeamCountry "RUS"]

1. d4 c5 2. d5 Nf6 3. g3 g6 4. Bg2 Bg7 5. e4 0-0 6. Ne2 e6 7. c4 exd5 8. cxd5 d6 9. Nbc3 Re8 10. 0-0 b5 11. f3 b4 12. Na4 Bd7 13. a3 a5 14. Rf2 Bb5 15. Bf1 Nbd7 16. Bf4 Nb6 17. Nxb6 Qxb6 18. a4 Ba6 19. Rc1 Nd7 20. b3 Ne5 21. Bxe5 Bxe5 22. Kg2 c4 23. bxc4 b3 24. Nf4 Bd4 25. c5 dxc5 26. Bxa6 Rxa6 27. Re2 Qb4 28. Nd3 Qxa4 29. Nxc5 Bxc5 30. Rxc5 Qb4 31. Rc6 Raa8 32. d6 a4 33. Qd5 b2 34. Rc7 Rf8 35. Rxf7 Rxf7 36. Qxa8+ Kg7 37. Qd5 b1Q 38. d7 Qb6 39. d8Q Q1g1+ 40. Kh3 Qf1+ 41. Rg2 Qxd8 42. Qxd8 Qxf3 43. Qd5 h5 44. Rd2 Qf1+ 45. Kh4 Qf6+ 46. Kh3 a3 47. Ra2 g5 48. Qf5 Qxf5+ 49. exf5 Ra7 50. g4 hxg4+ 51. Kxg4 Kf6 52. Kf3 Kxf5 53. Ke3 g4 54. Kd4 Kf4 55. Rf2+ Kg5 56. Ra2 Kh4 57. Ke4 Kg5 58. Kd4 Ra8 59. Ke4 Re8+ 60. Kd4 Ra8 61. Ke4 Kh4 62. Kd4 Kh3 63. Ke5 Rf8 64. Ke4 Rf1 65. Ke5 Rb1 66. Kf5 Rb5+ 67. Kf4 Rb4+ 68. Kf5 Rb3 69. Kg5 Rb4 70. Kf5 Rb3 71. Kg5 Rf3 72. Re2 Rc3 73. Ra2 Rc5+ 74. Kf4 Ra5 75. Ke4 Kh4 76. Kf4 Kh5 77. Ke3 Rf5 78. Ke4 Rf3 79. Kd4 Rb3 80. Kc4 Rb2 81. Rxa3 Rxh2 82. Kd4 Re2 83. Ra7 g3 84. Rg7 Kh4 85. Kd3 Re8 86. Rh7+ Kg4 87. Rg7+ Kf3 88. Rf7+ Kg2 89. Kd2 Kg1 90. Rh7 g2 91. Rh6 Re5 92. Rh8 Kf2 93. Rf8+ Kg3 94. Rg8+ Kf3 0-1

[Event "SCO Teams"]
[Site "Qingdao"]
[Date "2019.09.15"]
[Round "1.13"]
[White "Xu, Yinglun"]
[Black "Lodhi, Mahmood"]
[Result "1-0"]
[WhiteElo "2565"]
[BlackElo "2349"]
[PlyCount "97"]
[EventDate "2019.09.15"]
[EventType "team-tourn"]
[EventRounds "9"]
[EventCountry "CHN"]
[SourceTitle "EXT 2020"]
[Source "ChessBase"]
[SourceDate "2019.10.17"]
[SourceVersion "1"]
[SourceVersionDate "2019.10.17"]
[SourceQuality "1"]
[WhiteTeam "China"]
[BlackTeam "Pakistan"]
[WhiteTeamCountry "CHN"]
[BlackTeamCountry "PAK"]

1. d4 d5 2. c4 c6 3. Nc3 Nf6 4. e3 e6 5. Nf3 Bd6 6. Bd3 0-0 7. 0-0 Nbd7 8. e4 dxe4 9. Nxe4 Nxe4 10. Bxe4 Nf6 11. Bc2 h6 12. b3 b6 13. Bb2 Bb7 14. Qd3 Re8 15. Rfe1 g6 16. Rad1 Bf8 17. Ne5 Bg7 18. Qh3 Nh7 19. Bc1 Ng5 20. Qg3 Qe7 21. f4 Nh7 22. f5 gxf5 23. Bxh6 Qf6 24. Bf4 Rad8 25. b4 Kh8 26. c5 Rg8 27. Qh4 Rdf8 28. Qh5 Qe7 29. Rd3 Bxe5 30. Bxe5+ f6 31. Bd6 Qe8 32. Qh3 Rf7 33. Rde3 Bc8 34. Bxf5 Rfg7 35. g3 e5 36. Bxc8 Qxc8 37. Qxc8 Rxc8 38. dxe5 Kg8 39. e6 Rb7 40. h4 b5 41. Ra3 Kg7 42. Ra6 f5 43. Re5 Kg6 44. Ra3 Re8 45. Rf3 a5 46. a3 axb4 47. axb4 Ra7 48. Rfxf5 Rxe6 49. h5+ 1-0

[Event "Asian Cities-chT"]
[Site "Dhaka"]
[Date "2019.07.17"]
[Round "9.1"]
[White "Lodhi, Mahmood"]
[Black "Sultan, Ibrahim"]
[Result "1-0"]
[WhiteElo "2354"]
[BlackElo "2090"]
[PlyCount "129"]
[EventDate "2019.07.10"]
[EventType "team-swiss"]
[EventRounds "9"]
[EventCountry "BAN"]
[SourceTitle "EXT 2020"]
[Source "ChessBase"]
[SourceDate "2019.10.17"]
[SourceVersion "1"]
[SourceVersionDate "2019.10.17"]
[SourceQuality "1"]
[WhiteTeam "Pakpattan City"]
[BlackTeam "Dubai"]
[WhiteTeamCountry "PAK"]
[BlackTeamCountry "UAE"]

1. d4 d5 2. Nf3 Nf6 3. c4 e6 4. cxd5 exd5 5. Nc3 c6 6. Bg5 Be7 7. e3 Bf5 8. Bd3 Bxd3 9. Qxd3 0-0 10. 0-0 Nbd7 11. Rfe1 Re8 12. h3 Nh5 13. Bxe7 Rxe7 14. b4 a6 15. a4 Nhf6 16. b5 cxb5 17. axb5 a5 18. Na4 Ne4 19. Qa3 Re6 20. Nc5 Ndxc5 21. dxc5 Qe7 22. Rec1 Kf8 23. c6 Qxa3 24. Rxa3 bxc6 25. bxc6 Ree8 26. Rca1 Ra6 27. Rxa5 Rxc6 28. Rxd5 Rc7 29. Nd4 g6 30. g4 Kg7 31. Kg2 Rb7 32. Rb5 Rxb5 33. Nxb5 h5 34. Nd4 hxg4 35. hxg4 Re7 36. Ra5 Nd6 37. g5 Rc7 38. Rd5 Ne4 39. f3 Nc3 40. Re5 Kf8 41. f4 Nd1 42. Kf3 Nb2 43. Rb5 Nc4 44. Rb8+ Ke7 45. Ke4 Rd7 46. Kd3 Nd6 47. Nc6+ Ke6 48. Ne5 Rc7 49. Rb6 Kd5 50. Ng4 Ra7 51. Nf6+ Kc5 52. Rb3 Nb5 53. Ne4+ Kc6 54. Ke2 Re7 55. Kf3 Nc7 56. Rc3+ Kd7 57. Rd3+ Kc6 58. Rd6+ Kb5 59. Rf6 Ne8 60. Nd6+ Nxd6 61. Rxd6 Kc5 62. Rd3 Kc4 63. Rd8 Kc5 64. e4 Kc6 65. f5 1-0

[Event "Wch Blitz"]
[Site "Riadh"]
[Date "2017.12.30"]
[Round "20"]
[White "Al Modiahki, Mohamad"]
[Black "Lodhi, Mahmood"]
[Result "1-0"]
[WhiteElo "2542"]
[BlackElo "2347"]
[PlyCount "87"]
[EventDate "2017.12.29"]
[EventType "swiss (blitz)"]
[EventRounds "21"]
[EventCountry "SAU"]
[SourceTitle "CBM 182 Extra"]
[Source "ChessBase"]
[SourceDate "2018.02.23"]
[SourceVersion "1"]
[SourceVersionDate "2018.02.23"]
[SourceQuality "1"]

1. e4 d6 2. d4 Nf6 3. Nc3 g6 4. Be3 Bg7 5. Qd2 Ng4 6. Bg5 h6 7. Bh4 Nc6 8. Bb5 a6 9. Bxc6+ bxc6 10. h3 Nf6 11. Nf3 Rb8 12. 0-0-0 Be6 13. Rhe1 0-0 14. Bxf6 exf6 15. g4 Qc8 16. b3 Qb7 17. d5 Bd7 18. dxc6 Bxc6 19. Nd5 Rfe8 20. c4 a5 21. Qxa5 Ra8 22. Qd2 Bxd5 23. exd5 Reb8 24. Nd4 Qa7 25. Nc6 Qa3+ 26. Qb2 Rb6 27. Qxa3 Rxa3 28. Kb1 Rba6 29. Re2 f5 30. gxf5 gxf5 31. f4 Bf6 32. Rdd2 Kh7 33. Rg2 Ra8 34. Rde2 R3a6 35. a4 Rc8 36. a5 Raa8 37. b4 Bc3 38. Kc2 Bf6 39. b5 h5 40. a6 h4 41. Kd3 Kh6 42. Ne7 Rf8 43. Nxf5+ Kh7 44. Rg4 1-0